NILAI budaya masyarakat desa; jilid 2 : Kajian etnografi di Kampung Tekek, Pulau Tioman, Pahang

Bibliographic Details
Other Authors: Juriah Long, Robiah Sidin
Format: Book
Published: Kuala Lumpur : DBP , 1998
Subjects:

MARC

LEADER 00000cam a2200000 7i4500
001 0000000038
005 20031020.0
020 0 0 |a 9836259821 
090 0 0 |a 307.7209595123   |b NIL 1998 
245 0 0 |a NILAI budaya masyarakat desa; jilid 2 :   |b Kajian etnografi di Kampung Tekek, Pulau Tioman, Pahang   |c penyelenggara Robiah Sidin & Juriah Long 
260 0 0 |a Kuala Lumpur :   |b DBP ,   |c 1998 
300 |a 248 p. :   |b col. ill. ;   |c 22 cm. 
500 0 0 |a Bibliography [p. 241-244] and index 
650 0 0 |a Education   |z Pulau Tioman, Pahang 
651 0 0 |a Pulau Tioman (Pahang)   |x Economic conditions 
651 0 0 |a Pulau Tioman (Pahang)   |x Politics and government 
651 0 0 |a Pulau Tioman (Pahang)   |x Social conditions 
700 0 1 |a Juriah Long 
700 0 1 |a Robiah Sidin 
998 |a JPSM 
999 |a 0000001001   |b Monograph   |c Open Shelf   |e Default branch